| 000 | 00588nam a2200193Ia 4500 | ||
|---|---|---|---|
| 005 | 20250326142926.0 | ||
| 008 | 250326s9999 xx 000 0 und d | ||
| 020 | _a0 8039 7950 9 | ||
| 037 | _aTextbook | ||
| 040 |
_aFMSL _beng _cFMSL |
||
| 041 |
_aeng _2eng |
||
| 084 |
_aX:9.1 N5;1 _qFMSL |
||
| 100 |
_aHarzing A W _9746904 |
||
| 245 | 0 |
_aInternational Human Resource Management: an integrated approach _cHarzing A W; Ruysseveldt J V |
|
| 260 |
_aLondon _bLondon, SAGE Publications _c1995 |
||
| 300 | _axvi,384 | ||
| 942 |
_cTB _hX:9.1 N5;1 |
||
| 999 |
_c1297297 _d1297297 |
||